Communication skills for leaders : (Record no. 9198)

MARC details
000 -LEADER
fixed length control field 00638nam a22002177a 4500
003 - CONTROL NUMBER IDENTIFIER
control field OSt
005 - DATE AND TIME OF LATEST TRANSACTION
control field 20240716124154.0
008 - FIXED-LENGTH DATA ELEMENTS--GENERAL INFORMATION
fixed length control field 240716b |||||||| |||| 00| 0 eng d
020 ## - INTERNATIONAL STANDARD BOOK NUMBER
International Standard Book Number 9781426018510
020 ## - INTERNATIONAL STANDARD BOOK NUMBER
International Standard Book Number 1426018517
040 ## - CATALOGING SOURCE
Transcribing agency MUST
082 ## - DEWEY DECIMAL CLASSIFICATION NUMBER
Classification number 384 DEC 2009
100 ## - MAIN ENTRY--PERSONAL NAME
Personal name Decker, Bert
9 (RLIN) 18766
245 ## - TITLE STATEMENT
Title Communication skills for leaders :
Remainder of title delivering a clear and consistent message /
Statement of responsibility, etc. Bert Decker
250 ## - EDITION STATEMENT
Edition statement 4th.ed.
260 ## - PUBLICATION, DISTRIBUTION, ETC. (IMPRINT)
Place of publication, distribution, etc. Fairport, NY.
Name of publisher, distributor, etc. Axzo Press
Date of publication, distribution, etc. 2009
300 ## - PHYSICAL DESCRIPTION
Extent ii, 99p.:
Other physical details ill. ;
Dimensions 32 cm.
440 ## - SERIES STATEMENT/ADDED ENTRY--TITLE
Title Crisp fifty-minute series
9 (RLIN) 18767
650 ## - SUBJECT ADDED ENTRY--TOPICAL TERM
Topical term or geographic name as entry element Communication skills
9 (RLIN) 2197
942 ## - ADDED ENTRY ELEMENTS (KOHA)
Source of classification or shelving scheme Dewey Decimal Classification
Koha item type Open Shelf
Holdings
Withdrawn status Lost status Source of classification or shelving scheme Damaged status Not for loan Home library Current library Date acquired Source of acquisition Inventory number Total Checkouts Full call number Barcode Date last seen Price effective from Koha item type
    Dewey Decimal Classification     MUST Main Library MUST Main Library 16/07/2024 Donation 2013/37267   384 DEC 2009 2024-21982 16/07/2024 16/07/2024 Open Shelf